Introduction to Atomic Spectra (Record no. 22382)

MARC details
000 -LEADER
fixed length control field 00385nam a2200133Ia 4500
008 - FIXED-LENGTH DATA ELEMENTS--GENERAL INFORMATION
fixed length control field 211109s9999||||xx |||||||||||||| ||und||
082 ## - DEWEY DECIMAL CLASSIFICATION NUMBER
Classification number 539.6
Item number WHI-I
100 ## - MAIN ENTRY--PERSONAL NAME
Personal name White, Harvey Elliot
245 #0 - TITLE STATEMENT
Title Introduction to Atomic Spectra
260 ## - PUBLICATION, DISTRIBUTION, ETC.
Name of publisher, distributor, etc. Mcgraw-Hill Book Company
Place of publication, distribution, etc. New York
Date of publication, distribution, etc. 2000
630 ## - SUBJECT ADDED ENTRY--UNIFORM TITLE
General subdivision General Stack
650 ## - SUBJECT ADDED ENTRY--TOPICAL TERM
Topical term or geographic name entry element Modern physics
942 ## - ADDED ENTRY ELEMENTS (KOHA)
Koha item type BOOK
650 ## - SUBJECT ADDED ENTRY--TOPICAL TERM
Form subdivision Atomic spectra
General subdivision Physics
Holdings
Withdrawn status Lost status Damaged status Not for loan Home library Current library Date acquired Cost, normal purchase price Total Checkouts Full call number Barcode Shelving location Date last seen Price effective from Koha item type
        SB LIBRARY SB LIBRARY 09/11/2021 100.00   539.6 WHI-I 00023122 GENERAL STACK 09/11/2021 09/11/2021 BOOK

Powered by Koha